al-Islam wa-l-falsafa wa-l-ʻulūm : Arbaʻ muḥāḍarāt ʻāmma naẓamathā al-yūniskū

محفوظ في:

المؤلف الرئيسي: Unesco.

التنسيق: كتاب

اللغة: Undetermined

منشور في: Paris : Ed. de la Unesco, 1983.

الوسوم: إضافة وسم

لا توجد وسوم, كن أول من يضع وسما على هذه التسجيلة!

رقم الطلب: BP50 .I8312

LEADER 00410nam a2200133Ia 4500
008 240329s9999||||xx |||||||||||||| ||und||
020 |a 9789231019517  
050 4 |a BP50 .I8312 
100 1 |a Unesco. 
245 1 0 |a al-Islam wa-l-falsafa wa-l-ʻulūm : Arbaʻ muḥāḍarāt ʻāmma naẓamathā al-yūniskū   |c Unesco 
264 1 |a Paris :  |b Ed. de la Unesco,  |c 1983. 
300 |a 171  |c 22CM 
942 |2 lcc  |c BK 
999 |c 57689  |d 57689